000 00870nam a2200241 i 4500
001 175545
003 ES-MaACL
005 20250511063045.0
008 101104s1966 sp |||| |dspa d
080 _a821.134.4 Castro, Rosalia de
100 1 _aLázaro, Ángel,
_d1900-1985
_9240342
_eaut
245 1 0 _aRosalía de Castro :
_bestudio y antología /
_cpor Ángel Lázaro.
260 _aMadrid :
_bCompañía Bibliográfica Española,
_c[1966]
300 _a206 p. ;
_c20 cm.
490 1 _aUn autor en un libro ;
_v26
504 _aBibliografía: p. [197]-206
600 1 _aCastro, Rosalía de,
_d1837-1885-
_xCrítica e interpretación
_9234209
830 1 _aUn autor en un libro ;
_v26
_9182717
852 _aES-MaACL
_cDEPO2
_dOlim P-651-bis
_jE-13443
942 _2udc
_cMONOGRAFIA
_n0
999 _c175545
_d175545